000 00542nam a2200181Ia 4500
999 _c20320
_d20320
003 OSt
005 20200610113954.0
008 190216s9999||||xx |||||||||||||| ||und||
020 _a8170442478
040 _coclc
082 _a297.40954
_bENG/S
100 _aEngineer, Asghar Ali
_91798
_d1939-2013.
245 0 _aSufism And Communal Harmony /
_cAsghar Ali Engineer
260 _bPrint Well,
_c1991.
_aJaipur:
300 _a232 p
650 _aIslamic History
942 _cBK
_2ddc
_h297.40954
_iENG/S
_k297.40954
_mENG/S